| 000 | 00609nam a2200181Ia 4500 | ||
|---|---|---|---|
| 008 | 100920s9999 xx 000 0 und d | ||
| 082 |
_b15294 _a491.462 थ 64 |
||
| 100 | _aजाधव निवृित्त नारायण. | ||
| 245 | _aमाणसातला माणूस. | ||
| 260 |
_bजागृती प्रकाशन ,पुणे. _c1964 |
||
| 300 |
_a96 _bसाधी |
||
| 365 | _b2.75 | ||
| 520 | _aनाटक. | ||
| 630 | _aमाणसातला माणूस. | ||
| 650 | _aनाटक. | ||
| 730 | _aमाणसातला माणूस. | ||
| 942 | _cBOOK | ||
| 999 |
_c678849 _d678846 |
||